000 00413nmm a2200133Ia 4500
008 251105s9999||||xx |||||||||||||||||und||
041 _aspa
100 _aRojas Álvarez, Carlos Javier
245 0 _aAplicaciones de las funciones algebraicas
264 _a[Bogotá, Colombia] :
_bUniversidad del Norte,
_c2018
300 _a84 páginas
856 _uhttps://public.digitaliapublishing.com/a/60670
942 _cCF
999 _c106594
_d106594